000 00369nam a2200145Ia 4500
008 230917s9999||||xx |||||||||||||| ||und||
040 _e131183
_aMAIN
041 _aEnglish
082 _a891.21 K178K
100 _akavita Rani
245 0 _aKavi Medhvartacharya ki kartiyon ka samikshtmak adhyayan
260 _aRohtak
_bMDU
_c3103
300 _a257 p.
942 _cBK
999 _c125005
_d125005